Reglamentación de la enseñanza en la Casa Provincial de Caridad de Barcelona
Descripción Física:
11 p. ; 16 cm
MARC
| LEADER | 00000nam a2200000Ia 4500 | ||
|---|---|---|---|
| 001 | 8714 | ||
| 008 | 160829s9999 xx 000 0 cat d | ||
| 080 | |a FU-1-45 | ||
| 110 | |a Casa de Caritat (Barcelona, Catalunya) |9 52406 | ||
| 245 | |a Reglamentación de la enseñanza en la Casa Provincial de Caridad de Barcelona | ||
| 260 | |a Barcelona : |b (Imp. Casa Caritat), [s.a.] | ||
| 300 | |a 11 p. ; |c 16 cm | ||
| 590 | |a Hi ha un duplicat a: DUP-335 | ||
| 610 | 0 | |a Casa de Caritat (Barcelona, Catalunya) |9 52406 | |
| 650 | |a Ensenyament |x Normes |9 31860 | ||
| 710 | |a Casa de Caritat (Barcelona, Catalunya) |9 52406 | ||
| 901 | |a Arxiu | ||
| 942 | |n 1 | ||
| 952 | |0 0 |1 0 |4 0 |6 FU145 |7 1 |9 45781 |a Arxiu |b Arxiu |d 2016-12-01 |l 0 |o FU-1-45 |p 8714 |r 2016-12-01 00:00:00 |w 2016-12-01 |y ARXIU | ||
| 999 | |c 49281 |d 49281 | ||